00515cam a22001934a 45000010009000000050017000090080041000260100017000670200015000840400018000990410008001170420008001250800018001330820022001511000007001731010008001802450082001885040051002701248368920180306093605.0010726s2001 enka b 001 0 eng  a 2001036906 a0198782632 aDLCcDLCdDLC aeng apcc a327.101 joh00a327.101 joh221 a24 apol04aThe globalization of world politics :cedited by John Baylis and Steve Smith. aIncludes bibliographical references and index.